|
|
|
|
| LEADER |
00000nab a2200000 a 4500 |
| 001 |
vtls008770817 |
| 003 |
SK-MaSNL |
| 005 |
20260318114203.0 |
| 008 |
060607c2005 xo mr p 000 c0ukr |
| 015 |
|
|
|a SNBRB2006/06
|
| 038 |
|
|
|a SVKPOCL
|
| 040 |
|
|
|a SVKPOCL
|b slo
|c AACR2
|e AACR2
|
| 041 |
0 |
|
|a ukr
|
| 044 |
|
|
|a xo
|c SK
|
| 080 |
|
|
|a 82:929: 821.161.2
|2 2001
|
| 080 |
|
|
|a 821.161.2:929
|2 2001
|
| 080 |
|
|
|a 929 Perebyjnis, Petro
|2 2001
|
| 245 |
0 |
0 |
|a Znajomtes´: z pys´mennykom
|b Petro Perebyjnis
|
| 300 |
|
|
|b Fotogr.
|
| 500 |
|
|
|a Obsahuje báseň
|
| 600 |
1 |
7 |
|a Perebyjnis, Petro,
|d 1937-
|x biografie
|2 snkbucl
|9 87382
|
| 651 |
|
7 |
|a Sloboda Šarhorods´ka (Ukrajina)
|2 svkpocl
|9 1633964
|
| 655 |
|
7 |
|a biografie
|2 svkpocl
|9 27965
|
| 773 |
0 |
|
|t Veselka
|g Rič. [55], č. 5 (2005/2006), s. 9
|
| 852 |
|
|
|a SVKPO
|b KIS3GCP
|
| 958 |
|
|
|a UK
|
| 958 |
|
|
|a LX
|
| 958 |
|
|
|a UA
|
| 958 |
|
|
|a SK
|
| 958 |
|
|
|a BC
|
| 999 |
|
|
|c 3366407
|d 3368337
|